| 000 | 00591nam a22001457a 4500 | ||
|---|---|---|---|
| 005 | 20250423194426.0 | ||
| 008 | 241127b |||||||| |||| 00| 0 eng d | ||
| 020 | _a9780862051223 | ||
| 245 | _aLaw Reports of the Commonwealth 1986 | ||
| 260 |
_aLondon, UK _bProfessional Books Limited _c1986 |
||
| 300 |
_alxxv, 894 pages _c24 cm |
||
| 500 | _aGeneral Editors: Read James S. Prof. LL.B. of Gray’s Inn, Barrister. Slinn Peter E. M.A., PhD., Solicitor, England and Wales. Consultant Editor: Wylie J.C.W., LL.M., LL.D. | ||
| 650 |
_2Law Reports _xCommonwealth Nations |
||
| 942 |
_2lcc _cBK _n0 |
||
| 999 |
_c1611 _d1611 |
||